000 002250000a22000970004500
100 1 _aKalmbach, Pedro
245 1 0 _aAs crianças e a eucaristia
300 _aNum. 5 (Agosto, 2001), Páginas 8-10
773 0 _tTEAR
942 _cANA
999 _c55796
_d55796